| 000 | 00499nam a22001457a 4500 | ||
|---|---|---|---|
| 003 | 0 | ||
| 005 | 20160609172337.0 | ||
| 008 | 130813t xxu||||| |||| 00| 0 eng d | ||
| 040 |
_aBUAC _bFr _cBEPAC |
||
| 100 |
_aANAGONOU, Mèdéou Corinne _926537 |
||
| 245 |
_aEtude de l’évolution de l’intrusion saline dans les aquifères du champ de captage de Godomey _cANAGONOU, Mèdéou Corinne |
||
| 260 |
_aAbomey-Calavi _bEcole Polytechnique d’Abomey-Calavi _c2007 |
||
| 300 | _a48 p. | ||
| 942 | _cTHE | ||
| 999 |
_c52743 _d52743 |
||